Jóvenes: ¿En busca de una identidad perdida?

में बचाया:
ग्रंथसूची विवरण
निगमित लेखक: Universidad Católica Cardenal Raúl Silva Henríquez. Vicerrectoría Académica. Centro de Estudios en Juventud
स्वरूप: मूलपाठ
प्रकाशित: Santiago: CEJU
विषय:
टैग: टैग जोड़ें
कोई टैग नहीं, इस रिकॉर्ड को टैग करने वाले पहले व्यक्ति बनें!

MARC

LEADER 00000 a a2200000 04500
001 27843
003
040
090 |a 186503  
110 |a Universidad Católica Cardenal Raúl Silva Henríquez. Vicerrectoría Académica. Centro de Estudios en Juventud  
245 |a Jóvenes: ¿En busca de una identidad perdida?  
260 |a Santiago:   |b CEJU  
300 |b **no definido**  
650 |a MUSICA  
650 |a IDENTIDAD CULTURAL  
650 |a JUVENTUD  
650 |a ENTREVISTAS  
999 |c 10078  |d 10078